Cultura do medo / (Record no. 106050)

MARC details
000 -LEADER
campo de control de longitud fija 00833cam a2200301Ma 4500
001 - NÚMERO DE CONTROL
campo de control 52036
005 - FECHA Y HORA DE LA ÚLTIMA TRANSACCIÓN
campo de control 20230411085710.0
008 - DATOS DE LONGITUD FIJA--INFORMACIÓN GENERAL
campo de control de longitud fija 051222s2003 bl 000 0 por d
035 ## - NÚMERO DE CONTROL DEL SISTEMA
Número de control de sistema (OCoLC)ocm69931442
040 ## - FUENTE DE CATALOGACIÓN
Centro catalogador/agencia de origen UBA
Centro/agencia transcriptor UBA
020 ## - NÚMERO INTERNACIONAL ESTÁNDAR DEL LIBRO
Número Internacional Estándar del Libro 858936223X
020 ## - NÚMERO INTERNACIONAL ESTÁNDAR DEL LIBRO
Número Internacional Estándar del Libro 9788589362238
035 ## - NÚMERO DE CONTROL DEL SISTEMA
Número de control de sistema (OCoLC)69931442
049 ## - FONDOS LOCALES (OCLC)
Biblioteca depositaria GRAL
050 14 - SIGNATURA TOPOGRÁFICA DE LA BIBLIOTECA DEL CONGRESO
-- 549c 2003
100 1# - ENTRADA PRINCIPAL--NOMBRE DE PERSONA
Nombre de persona Glassner, Barry.
242 14 - TÍTULO TRADUCIDO POR EL CENTRO/AGENCIA CATALOGADOR
Título The culture of fear
245 10 - MENCIÓN DEL TÍTULO
Título Cultura do medo /
Mención de responsabilidad, etc. Barry Glassner.
260 ## - PUBLICACIÓN, DISTRIBUCIÓN, ETC.
Lugar de publicación, distribución, etc. Sáo Paulo
Nombre del editor, distribuidor, etc. Francis
Fecha de publicación, distribución, etc. 2003.
300 ## - DESCRIPCIÓN FÍSICA
Extensión 342 p.
650 #7 - PUNTO DE ACCESO ADICIONAL DE MATERIA--TÉRMINO DE MATERIA
Término de materia o nombre geográfico como elemento de entrada Psicologia social
Subdivisión geográfica Estados unidos.
Fuente del encabezamiento o término larpcal
650 #7 - PUNTO DE ACCESO ADICIONAL DE MATERIA--TÉRMINO DE MATERIA
Término de materia o nombre geográfico como elemento de entrada Problemas sociais
Subdivisión geográfica Estados unidos.
Fuente del encabezamiento o término larpcal
650 #7 - PUNTO DE ACCESO ADICIONAL DE MATERIA--TÉRMINO DE MATERIA
Término de materia o nombre geográfico como elemento de entrada Medo (sociologia)
Subdivisión geográfica Estados unidos.
Fuente del encabezamiento o término larpcal
700 1# - ENTRADA AGREGADA--NOMBRE PERSONAL
Nombre de persona Kknapp, Laura
Término indicativo de función/relación trad.
942 ## - ELEMENTOS DE ENTRADA SECUNDARIOS (KOHA)
Fuente del sistema de clasificación o colocación Clasificación de Library of Congress
Tipo de ítem Koha
994 ## -
-- C0
-- DRFGD
946 ## - PROCESAMIENTO DE INFORMACIÓN LOCAL (OCLC)
a csexposito
Holdings
Estatus retirado Estado de pérdida Fuente del sistema de clasificación o colocación Estado de daño No para préstamo Colección Biblioteca de origen Biblioteca actual Ubicación en estantería Fecha de adquisición Signatura topográfica completa Código de barras Visto por última vez Copia número Tipo de ítem Koha
    Clasificación de Library of Congress     Automatización y Procesos Técnicos Biblioteca Juan Bosch Biblioteca Juan Bosch Automatización y Procesos Técnicos (1er. Piso) 11/04/2023 G549c 2003 00000053789 17/02/2019 1